[Event "Titled Tuesday intern op 16th Apr Early"]
[Site "Chess.com INT"]
[Date "2024.04.16"]
[Round "6"]
[White "Gutierrez Olivares, Daniel"]
[Black "Smieszek, Wojciech"]
[Result "1-0"]
[WhiteElo "2354"]
[BlackElo "2127"]
[PlyCount "111"]
[EventDate "2024.04.16"]
[EventType "swiss (blitz)"]
[EventRounds "11"]
[EventCountry "USA"]
[SourceTitle "CB17_2024"]
[SourceDate "2024.04.24"]
[SourceVersion "1"]
[SourceVersionDate "2024.04.24"]
[SourceQuality "1"]

1. Nf3 d5 2. g3 Nf6 3. c4 e6 4. Bg2 Be7 5. 0-0 0-0 6. b3 c6 7. Bb2 Nbd7 8. e3 a5 9. Nc3 Qc7 10. Rc1 dxc4 11. bxc4 Qb6 12. Rb1 Qa6 13. d3 a4 14. a3 Nc5 15. Nd4 Rd8 16. f4 Nxd3 17. Qxd3 c5 18. Ncb5 Qb6 19. Ba1 cxd4 20. exd4 Bd7 21. Kh1 Bc6 22. Qe2 Bxg2+ 23. Qxg2 Qc6 24. Rfc1 Rac8 25. Na7 Qxg2+ 26. Kxg2 Rc7 27. c5 Nd5 28. Kf3 b6 29. Nb5 Rc6 30. Na7 Rc7 31. cxb6 Rxc1 32. Rxc1 Nxb6 33. Nc6 Bxa3 34. Rc3 Rc8 35. Ke4 Kf8 36. Rxa3 Rxc6 37. Bc3 Nd5 38. Ba5 Ra6 39. Rxa4 Rxa5 40. Rxa5 Ke7 41. Rxd5 exd5+ 42. Kxd5 Kd7 43. Kc5 Kc7 44. d5 Kd7 45. d6 Kd8 46. Kc6 Kc8 47. d7+ Kd8 48. Kd6 h6 49. f5 h5 50. h3 h4 51. gxh4 g6 52. f6 g5 53. h5 g4 54. h6 gxh3 55. h7 h2 56. h8Q# 1-0

[Event "Titled Tuesday intern op 16th Apr Late"]
[Site "Chess.com INT"]
[Date "2024.04.16"]
[Round "2"]
[White "Gutierrez Olivares, Daniel"]
[Black "Yushko, Olga"]
[Result "1/2-1/2"]
[WhiteElo "2354"]
[BlackElo "2034"]
[PlyCount "93"]
[EventDate "2024.04.16"]
[EventType "swiss (blitz)"]
[EventRounds "11"]
[EventCountry "USA"]
[SourceTitle "CB17_2024"]
[SourceDate "2024.04.24"]
[SourceVersion "1"]
[SourceVersionDate "2024.04.24"]
[SourceQuality "1"]

1. Nf3 Nf6 2. g3 e6 3. Bg2 d5 4. c4 Be7 5. 0-0 0-0 6. b3 c6 7. Bb2 b6 8. e3 Bb7 9. Nc3 Nbd7 10. Ne2 Rc8 11. d3 Re8 12. Qc2 c5 13. Nf4 Bf8 14. a3 e5 15. Nxd5 Nxd5 16. cxd5 Bxd5 17. e4 Bb7 18. Nh4 f6 19. Bh3 Rc7 20. f4 Ba6 21. Rad1 exf4 22. gxf4 Nb8 23. Rf3 Nc6 24. Nf5 Nd4 25. Bxd4 cxd4 26. Qg2 Bc8 27. Kh1 g6 28. Rg1 Bxa3 29. Nh6+ Kg7 30. Bxc8 Qxc8 31. f5 Rc1 32. Rff1 Rxf1 33. Rxf1 Kxh6 34. fxg6 hxg6 35. Rxf6 Qc1+ 36. Rf1 Qg5 37. Qh3+ Qh5 38. Qd7 Re7 39. Qxd4 Bc5 40. Qh8+ Rh7 41. Qf6 Be7 42. Qf4+ Bg5 43. Qf8+ Rg7 44. Qh8+ Rh7 45. Qf8+ Rg7 46. Qh8+ Rh7 47. Qf8+ 1/2-1/2

[Event "Titled Tuesday intern op 16th Apr Early"]
[Site "Chess.com INT"]
[Date "2024.04.16"]
[Round "5"]
[White "Topalov, Aleksandar"]
[Black "Gutierrez Olivares, Daniel"]
[Result "1-0"]
[WhiteElo "2233"]
[BlackElo "2354"]
[PlyCount "69"]
[EventDate "2024.04.16"]
[EventType "swiss (blitz)"]
[EventRounds "11"]
[EventCountry "USA"]
[SourceTitle "CB17_2024"]
[SourceDate "2024.04.24"]
[SourceVersion "1"]
[SourceVersionDate "2024.04.24"]
[SourceQuality "1"]

1. b3 d6 2. Bb2 Nf6 3. Bxf6 exf6 4. c4 g6 5. Nc3 Bg7 6. e3 0-0 7. Nge2 c6 8. g3 f5 9. Bg2 Nd7 10. 0-0 Qe7 11. Rb1 a5 12. a3 Nf6 13. b4 axb4 14. axb4 Be6 15. d3 g5 16. b5 c5 17. Qd2 Ng4 18. Nd5 Bxd5 19. Bxd5 Ra3 20. d4 Rfa8 21. Rb2 Nf6 22. Bg2 h5 23. dxc5 dxc5 24. Rc2 h4 25. Nc3 hxg3 26. hxg3 f4 27. exf4 gxf4 28. Qxf4 Nh5 29. Nd5 Qe6 30. Qh4 Qe5 31. Rcc1 Nf6 32. Rce1 Qd4 33. Ne7+ Kf8 34. Qg5 Qd6 35. Nf5 1-0

[Event "Titled Tuesday intern op 02nd Apr Early"]
[Site "Chess.com INT"]
[Date "2024.04.02"]
[Round "6"]
[White "Gutierrez Olivares, Daniel"]
[Black "Dahlgren, James Allen"]
[Result "1-0"]
[WhiteElo "2354"]
[BlackElo "1868"]
[PlyCount "49"]
[EventDate "2024.04.02"]
[EventType "swiss (blitz)"]
[EventRounds "11"]
[EventCountry "USA"]
[SourceTitle "CB15_2024"]
[SourceDate "2024.04.10"]
[SourceVersion "1"]
[SourceVersionDate "2024.04.10"]
[SourceQuality "1"]

1. Nf3 e6 2. g3 c5 3. d3 d6 4. Nbd2 Nf6 5. e4 Be7 6. Bg2 Nc6 7. 0-0 b5 8. c3 0-0 9. Re1 Rb8 10. d4 e5 11. d5 Na5 12. b4 cxb4 13. cxb4 Nc4 14. Nb3 a5 15. bxa5 Nxa5 16. h3 b4 17. Nfd2 Ba6 18. Nxa5 Qxa5 19. Nb3 Qc7 20. Bd2 g6 21. Rc1 Qb7 22. Na5 Qb5 23. Nc6 Rb7 24. Bf1 Qb6 25. Be3 1-0

[Event "Titled Tuesday intern op 02nd Apr Late"]
[Site "Chess.com INT"]
[Date "2024.04.02"]
[Round "8"]
[White "Gutierrez Olivares, Daniel"]
[Black "Yagupov, Igor"]
[Result "1-0"]
[WhiteElo "2354"]
[BlackElo "2275"]
[PlyCount "109"]
[EventDate "2024.04.02"]
[EventType "swiss (blitz)"]
[EventRounds "11"]
[EventCountry "USA"]
[SourceTitle "CB15_2024"]
[SourceDate "2024.04.10"]
[SourceVersion "1"]
[SourceVersionDate "2024.04.10"]
[SourceQuality "1"]

1. Nf3 d5 2. g3 Bg4 3. Bg2 Nd7 4. d3 c6 5. 0-0 e5 6. Nbd2 Ngf6 7. h3 Bh5 8. e4 dxe4 9. dxe4 Be7 10. Qe1 0-0 11. a3 Re8 12. b3 Qc7 13. Bb2 Bf8 14. Nc4 a5 15. Bc3 b5 16. Bxa5 Qa7 17. Ncxe5 Qxa5 18. Qxa5 Rxa5 19. Nxc6 Ra6 20. Ncd4 Rxa3 21. Rxa3 Bxa3 22. Nxb5 Bc5 23. Nfd4 Nxe4 24. Re1 Nd6 25. Rxe8+ Nxe8 26. Bc6 Nef6 27. f4 Bd1 28. Kg2 Nb8 29. Bb7 Kf8 30. c3 g6 31. b4 Bb6 32. c4 Bxd4 33. Nxd4 Ke7 34. c5 Ba4 35. Kf2 Kd7 36. b5 h5 37. Ke3 Ke7 38. Kd3 Bd1 39. b6 Nfd7 40. Kc4 h4 41. gxh4 Ba4 42. Kb4 Bd1 43. Kb5 Nf6 44. c6 Nxc6 45. Bxc6 Nd7 46. Bd5 Nb8 47. Nc6+ Nxc6 48. Bxc6 Kd6 49. Be4 Be2+ 50. Ka5 f5 51. Bg2 Bd3 52. Kb4 Be2 53. b7 Kc7 54. Kc5 Bd1 55. Kd4 1-0

[Event "Titled Tuesday intern op 02nd Apr Late"]
[Site "Chess.com INT"]
[Date "2024.04.02"]
[Round "7"]
[White "Haydon, David Leslie"]
[Black "Gutierrez Olivares, Daniel"]
[Result "0-1"]
[WhiteElo "2246"]
[BlackElo "2354"]
[PlyCount "100"]
[EventDate "2024.04.02"]
[EventType "swiss (blitz)"]
[EventRounds "11"]
[EventCountry "USA"]
[SourceTitle "CB15_2024"]
[SourceDate "2024.04.10"]
[SourceVersion "1"]
[SourceVersionDate "2024.04.10"]
[SourceQuality "1"]

1. c4 Nf6 2. d4 d6 3. Nc3 c6 4. e4 g6 5. f3 Bg7 6. Be3 a6 7. a4 b6 8. Qd2 h5 9. h4 Nbd7 10. Nge2 Qc7 11. Rc1 e5 12. b4 a5 13. b5 c5 14. Nd5 Nxd5 15. cxd5 Qd8 16. dxe5 Nxe5 17. Bg5 Bf6 18. Nc3 Ra7 19. Be2 Bxg5 20. hxg5 f6 21. f4 Ng4 22. Bxg4 Bxg4 23. gxf6 Qxf6 24. g3 Re7 25. Qe3 Qd4 26. Kf2 Qg7 27. Rce1 0-0 28. Kg2 g5 29. Rhf1 gxf4 30. Rxf4 Rxf4 31. gxf4 Qd4 32. e5 dxe5 33. fxe5 Rg7 34. Kh2 Qb4 35. e6 Qb2+ 36. Ne2 Qf6 37. Qg3 Bxe2 38. e7 Qxe7 39. Qb8+ Kh7 40. Qf4 Rg4 41. Qf2 Qe5+ 42. Kh1 Bf3+ 43. Qxf3 Qxe1+ 44. Kh2 Qg1+ 45. Kh3 Rg7 46. Qf5+ Qg6 47. Qf4 Qg4+ 48. Qxg4 Rxg4 49. d6 Rd4 50. d7 Rxd7 0-1

[Event "Titled Tuesday intern op 27th Feb Late"]
[Site "Chess.com INT"]
[Date "2024.02.27"]
[Round "7"]
[White "Bardyk, Artem"]
[Black "Gutierrez Olivares, Daniel"]
[Result "0-1"]
[WhiteElo "2192"]
[BlackElo "2354"]
[PlyCount "130"]
[EventDate "2024.02.27"]
[EventType "swiss (blitz)"]
[EventRounds "11"]
[EventCountry "USA"]
[SourceTitle "CB10_2024"]
[SourceDate "2024.03.06"]
[SourceVersion "1"]
[SourceVersionDate "2024.03.06"]
[SourceQuality "1"]

1. d4 e6 2. Nf3 Nf6 3. c4 c5 4. e3 b6 5. d5 exd5 6. cxd5 Bd6 7. Nc3 0-0 8. Be2 Ba6 9. 0-0 Re8 10. Bxa6 Nxa6 11. Qa4 Nc7 12. Rd1 a6 13. a3 Qe7 14. Qc2 Nb5 15. b3 Be5 16. Nxe5 Qxe5 17. Bb2 Ng4 18. g3 Qh5 19. h4 Nxc3 20. Bxc3 Ne5 21. Bxe5 Rxe5 22. Qc4 Rae8 23. Qxa6 Qf3 24. Qf1 Rxd5 25. Rxd5 Qxd5 26. Qc4 Qxc4 27. bxc4 Ra8 28. a4 Kf8 29. Kg2 Ke7 30. Kf3 Ke6 31. Ke4 f5+ 32. Kd3 d5 33. f3 Kd6 34. Kc3 Re8 35. Re1 Ra8 36. Ra1 Re8 37. Re1 Ra8 38. cxd5 Rxa4 39. e4 fxe4 40. fxe4 Ra3+ 41. Kc4 Ra4+ 42. Kb5 Rb4+ 43. Ka6 Ke5 44. Kb7 c4 45. Rd1 c3 46. d6 c2 47. Rd5+ Kxe4 48. d7 Kxd5 49. d8Q+ Kc4 50. Qd2 Kb3 51. Qc1 Kc3 52. Qe1+ Kb3 53. Qc1 Rd4 54. Qe3+ Kc4 55. Kxb6 Rd1 56. Qe4+ Kc3 57. Qc6+ Kd2 58. Qd5+ Kc1 59. Qb3 Kd2 60. Qd5+ Kc1 61. Qg5+ Rd2 62. Kc5 Kd1 63. Qg4+ Kc1 64. Kc4 Kb1 65. Qe4 Rd1 0-1

[Event "Titled Tuesday intern op 27th Feb Late"]
[Site "Chess.com INT"]
[Date "2024.02.27"]
[Round "3"]
[White "Dourerassou, Jonathan"]
[Black "Gutierrez Olivares, Daniel"]
[Result "1-0"]
[WhiteElo "2414"]
[BlackElo "2354"]
[PlyCount "93"]
[EventDate "2024.02.27"]
[EventType "swiss (blitz)"]
[EventRounds "11"]
[EventCountry "USA"]
[SourceTitle "CB10_2024"]
[SourceDate "2024.03.06"]
[SourceVersion "1"]
[SourceVersionDate "2024.03.06"]
[SourceQuality "1"]

1. d4 e6 2. Nc3 Nf6 3. Bg5 d5 4. e3 Be7 5. Nf3 a6 6. Bd3 b5 7. 0-0 Bb7 8. a4 b4 9. Ne2 c5 10. Ng3 c4 11. Be2 h6 12. Bxf6 gxf6 13. b3 Qc7 14. Re1 h5 15. h4 f5 16. Ng5 Bxg5 17. hxg5 f4 18. Nxh5 fxe3 19. f4 Nd7 20. Bf3 0-0-0 21. Rxe3 Rxh5 22. Bxh5 Qxf4 23. Rf3 Qxg5 24. Bxf7 e5 25. Be6 e4 26. Rf7 Qe3+ 27. Kf1 a5 28. Qg4 cxb3 29. Bxd7+ Kb8 30. cxb3 Rxd7 31. Qf4+ Qxf4+ 32. Rxf4 Ba6+ 33. Kf2 Rc7 34. Rf5 Rc2+ 35. Kg1 e3 36. Rxd5 Rxg2+ 37. Kxg2 Bb7 38. Kf3 Bxd5+ 39. Kxe3 Bxb3 40. Ke4 Kb7 41. d5 Kc7 42. Kd4 Kd6 43. Rg1 Bxd5 44. Rg5 Bc6 45. Rxa5 Bd7 46. Ra6+ Kc7 47. Kc4 1-0

[Event "Titled Tuesday intern op 27th Feb Late"]
[Site "Chess.com INT"]
[Date "2024.02.27"]
[Round "1"]
[White "Grigoriants, Sergey"]
[Black "Gutierrez Olivares, Daniel"]
[Result "1-0"]
[WhiteElo "2541"]
[BlackElo "2354"]
[PlyCount "67"]
[EventDate "2024.02.27"]
[EventType "swiss (blitz)"]
[EventRounds "11"]
[EventCountry "USA"]
[SourceTitle "CB10_2024"]
[SourceDate "2024.03.06"]
[SourceVersion "1"]
[SourceVersionDate "2024.03.06"]
[SourceQuality "1"]

1. e4 e6 2. d4 d5 3. e5 c5 4. c3 Nc6 5. Nf3 Bd7 6. Be2 Nge7 7. 0-0 cxd4 8. cxd4 Nf5 9. Na3 Be7 10. Nc2 Rc8 11. g4 Nh4 12. Nxh4 Bxh4 13. f4 g6 14. Be3 Be7 15. Bd3 Qb6 16. b3 h5 17. f5 gxf5 18. gxf5 Bb4 19. fxe6 Bxe6 20. Rc1 Bc3 21. Bf5 Ne7 22. Bxe6 Qxe6 23. Kh1 Nf5 24. Qf3 Nh4 25. Qg3 Qg4 26. Rf4 Qxg3 27. hxg3 Ng6 28. Rf2 h4 29. g4 Rc7 30. Nb4 Bxd4 31. Rxc7 Bxe3 32. Rf3 d4 33. Rfxf7 Rf8 34. e6 1-0

[Event "Titled Tuesday intern op 13th Feb Early"]
[Site "Chess.com INT"]
[Date "2024.02.13"]
[Round "2"]
[White "Rose, Felix"]
[Black "Gutierrez Olivares, Daniel"]
[Result "0-1"]
[WhiteElo "2091"]
[BlackElo "2354"]
[PlyCount "102"]
[EventDate "2024.02.13"]
[EventType "swiss (blitz)"]
[EventRounds "11"]
[EventCountry "USA"]
[SourceTitle "CB08_2024"]
[SourceDate "2024.02.21"]
[SourceVersion "1"]
[SourceVersionDate "2024.02.21"]
[SourceQuality "1"]

1. e4 e6 2. d4 d5 3. Nc3 Bb4 4. exd5 exd5 5. Bd3 Ne7 6. Nge2 Nbc6 7. 0-0 Bg4 8. f3 Bh5 9. Nf4 Bg6 10. Nce2 Bd6 11. c3 Qd7 12. a4 a6 13. b4 0-0 14. Nxg6 hxg6 15. Qc2 Nd8 16. Bd2 Ne6 17. Rae1 a5 18. b5 c5 19. Qb1 Rac8 20. g3 Rfe8 21. Kg2 Qc7 22. f4 cxd4 23. cxd4 Qb6 24. Qb2 f5 25. Rc1 Kf7 26. Rxc8 Nxc8 27. Re1 Bb8 28. Kf3 Nd6 29. Be3 Qd8 30. h4 Ba7 31. Qa2 Nc7 32. Rc1 Kf8 33. Qc2 Re7 34. Bf2 Nce8 35. Qa2 Nf6 36. Nc3 Nde4 37. Ne2 Ng4 38. Bg1 Qd7 39. Qc2 Kf7 40. Qc8 Nd2+ 41. Kg2 Qd6 42. Qh8 Qa3 43. Rc8 Rd7 44. Qg8+ Kf6 45. Rf8+ Ke7 46. Qxg7+ Kd6 47. Qxg6+ Kc7 48. Qe8 Qxd3 49. Qc8+ Kd6 50. b6 Qf3+ 51. Kh3 Qf1# 0-1

[Event "Titled Tuesday intern op 13th Feb Early"]
[Site "Chess.com INT"]
[Date "2024.02.13"]
[Round "3"]
[White "Truskavetsky, Alexandr"]
[Black "Gutierrez Olivares, Daniel"]
[Result "1-0"]
[WhiteElo "2348"]
[BlackElo "2354"]
[PlyCount "85"]
[EventDate "2024.02.13"]
[EventType "swiss (blitz)"]
[EventRounds "11"]
[EventCountry "USA"]
[SourceTitle "CB08_2024"]
[SourceDate "2024.02.21"]
[SourceVersion "1"]
[SourceVersionDate "2024.02.21"]
[SourceQuality "1"]

1. d4 Nf6 2. c4 e6 3. Nc3 c5 4. d5 exd5 5. cxd5 Bd6 6. e4 0-0 7. Bd3 Re8 8. Nge2 Bc7 9. 0-0 d6 10. h3 a6 11. a4 Nbd7 12. Ng3 Rb8 13. f4 Nf8 14. Qf3 Bd7 15. a5 Bxa5 16. e5 Bxc3 17. bxc3 dxe5 18. fxe5 Rxe5 19. Bf4 Rxd5 20. Bxb8 Qxb8 21. Ne4 Rf5 22. Qe3 Nxe4 23. Bxe4 Rxf1+ 24. Rxf1 Qc7 25. Qf3 Bc6 26. Bxc6 bxc6 27. Qe3 Ne6 28. Ra1 Qb6 29. Kh1 h6 30. Qd3 a5 31. Qb1 Qa7 32. Qa2 Qe7 33. Qxa5 Qf6 34. Rc1 Qg5 35. Rb1 Nf4 36. Qa8+ Kh7 37. Qxc6 Nh5 38. Qf3 Ng3+ 39. Kg1 f5 40. Rd1 f4 41. Rd5 Qg6 42. Qd3 Ne4 43. Re5 1-0

[Event "Titled Tuesday intern op 16th Jan Late"]
[Site "Chess.com INT"]
[Date "2024.01.16"]
[Round "3"]
[White "Gutierrez Olivares, Daniel"]
[Black "Chirila, Ioan Cristian"]
[Result "0-1"]
[WhiteElo "2354"]
[BlackElo "2530"]
[PlyCount "70"]
[EventDate "2024.01.16"]
[EventType "swiss (blitz)"]
[EventRounds "11"]
[EventCountry "USA"]
[SourceTitle "CB04_2024"]
[SourceDate "2023.10.16"]
[SourceVersion "1"]
[SourceVersionDate "2023.10.16"]
[SourceQuality "1"]

1. Nf3 Nf6 2. a3 b5 3. b4 Bb7 4. e3 g6 5. Bxb5 Bg7 6. Bb2 0-0 7. Be2 a5 8. b5 a4 9. c4 c6 10. Nc3 cxb5 11. cxb5 Qa5 12. 0-0 d6 13. d4 Nbd7 14. Nd2 Nb6 15. Rc1 Rfc8 16. Bf3 Bxf3 17. Qxf3 Ra7 18. Nce4 Rac7 19. Rxc7 Rxc7 20. Nxf6+ Bxf6 21. Ne4 Qxb5 22. Nxf6+ exf6 23. Ba1 f5 24. e4 fxe4 25. Qxe4 Nd5 26. h4 h5 27. Rb1 Qc4 28. Rb8+ Kg7 29. Kh2 Re7 30. Qf3 Nf6 31. d5 Qxh4+ 32. Qh3 Qxf2 33. Rb4 Kh7 34. Qc3 Ng4+ 35. Kh3 Re3+ 0-1

[Event "Titled Tuesday intern op 16th Jan Early"]
[Site "Chess.com INT"]
[Date "2024.01.16"]
[Round "5"]
[White "Gutierrez Olivares, Daniel"]
[Black "Wesolowska, Hanna"]
[Result "0-1"]
[WhiteElo "2354"]
[BlackElo "1748"]
[PlyCount "146"]
[EventDate "2024.01.16"]
[EventType "swiss (blitz)"]
[EventRounds "11"]
[EventCountry "USA"]
[SourceTitle "CB04_2024"]
[SourceDate "2023.10.16"]
[SourceVersion "1"]
[SourceVersionDate "2023.10.16"]
[SourceQuality "1"]

1. a3 c5 2. b4 cxb4 3. axb4 Nf6 4. Bb2 e6 5. b5 Be7 6. e3 0-0 7. g4 d5 8. h4 b6 9. g5 Nfd7 10. Bd3 e5 11. f4 e4 12. Be2 Nc5 13. h5 f6 14. gxf6 Bxf6 15. Nc3 Be6 16. Nh3 Bxh3 17. Rxh3 d4 18. Na4 d3 19. cxd3 Nxd3+ 20. Bxd3 Qxd3 21. Ra3 Qxb5 22. Bxf6 Rxf6 23. Nc3 Qf5 24. Rg3 Nd7 25. Qb3+ Kh8 26. Qd5 Qxd5 27. Nxd5 Rd6 28. Ne7 Nc5 29. Rxg7 Kxg7 30. Nf5+ Kf6 31. Nxd6 Ke6 32. Nc4 b5 33. Na5 b4 34. Ra1 Nd3+ 35. Kd1 Rg8 36. Kc2 Rc8+ 37. Kb3 Rc5 38. Nc4 Rxh5 39. Ra6+ Kf5 40. Rxa7 Kg4 41. Re7 Kf3 42. Nd6 Rd5 43. Nxe4 h5 44. Ng5+ Ke2 45. e4 Rd8 46. f5 Kxd2 47. Rh7 Ra8 48. f6 Ra3+ 49. Kc4 Rc3+ 50. Kb5 Rc5+ 51. Ka6 Rxg5 52. f7 Rg6+ 53. Ka5 Rf6 54. e5 Nxe5 55. Kxb4 Nxf7 56. Rxh5 Rf4+ 57. Kb3 Ke3 58. Rh2 Rf3 59. Rh1 Ne5 60. Kb4 Kf2 61. Kb5 Nd3 62. Rh8 Nf4 63. Rh2+ Kg3 64. Rh8 Re3 65. Rd8 Kf3 66. Kc4 Re4+ 67. Rd4 Re3 68. Rd1 Ne2 69. Rf1+ Ke4 70. Rf8 Rc3+ 71. Kb5 Rd3 72. Re8+ Kf3 73. Rd8 Rxd8 0-1

[Event "Titled Tuesday intern op 16th Jan Late"]
[Site "Chess.com INT"]
[Date "2024.01.16"]
[Round "6"]
[White "Wu, Derek"]
[Black "Gutierrez Olivares, Daniel"]
[Result "1-0"]
[WhiteElo "2255"]
[BlackElo "2354"]
[PlyCount "47"]
[EventDate "2024.01.16"]
[EventType "swiss (blitz)"]
[EventRounds "11"]
[EventCountry "USA"]
[SourceTitle "CB04_2024"]
[SourceDate "2023.10.16"]
[SourceVersion "1"]
[SourceVersionDate "2023.10.16"]
[SourceQuality "1"]

1. e4 e6 2. d4 d5 3. Nc3 Bb4 4. exd5 exd5 5. Bd3 Ne7 6. Qh5 Nbc6 7. a3 Ba5 8. Nf3 Be6 9. 0-0 Qd7 10. Na4 Bg4 11. Qg5 Bxf3 12. gxf3 Bb6 13. c3 Nd8 14. Nxb6 axb6 15. Re1 Ne6 16. Qg3 0-0 17. Kh1 f5 18. Qe5 Rf6 19. Bd2 Ng6 20. Qg3 Qd6 21. Bc2 Ngf4 22. Re5 Rg6 23. Qh4 Ng2 24. Qh5 1-0

[Event "Titled Tuesday intern op 09th Jan Early"]
[Site "Chess.com INT"]
[Date "2024.01.09"]
[Round "6"]
[White "Gutierrez Olivares, Daniel"]
[Black "Tejedor Fuente, Enrique"]
[Result "0-1"]
[WhiteElo "2354"]
[BlackElo "2395"]
[PlyCount "66"]
[EventDate "2024.01.09"]
[EventType "swiss (blitz)"]
[EventRounds "11"]
[EventCountry "USA"]
[SourceTitle "CB03_2024"]
[SourceDate "2024.01.17"]
[SourceVersion "1"]
[SourceVersionDate "2024.01.17"]
[SourceQuality "1"]

1. c4 b6 2. Nc3 Bb7 3. Qc2 g6 4. e4 Bg7 5. g3 c5 6. Bg2 Nc6 7. Nge2 h5 8. a3 h4 9. gxh4 Rxh4 10. d3 e6 11. Nb5 d6 12. Bf4 Ne5 13. Bg3 Rh7 14. Rd1 a6 15. d4 Nc6 16. Nxd6+ Kf8 17. Nxb7 Qd7 18. Nd6 cxd4 19. c5 e5 20. f4 bxc5 21. Qxc5 Nge7 22. fxe5 Qg4 23. 0-0 Qxe2 24. Nxf7 Kg8 25. Qd6 Rh5 26. Qe6 Kh7 27. Bf3 Qe3+ 28. Bf2 Qxf3 29. Bxd4 Qxe4 30. Bf2 Nf5 31. Nd6 Qg4+ 32. Kh1 Qf3+ 33. Kg1 Rg5+ 0-1

[Event "Titled Tuesday intern op 19th Dec Early"]
[Site "Chess.com INT"]
[Date "2023.12.19"]
[Round "3"]
[White "Domingo Nunez, Alejandro"]
[Black "Gutierrez Olivares, Daniel"]
[Result "1-0"]
[WhiteElo "2313"]
[BlackElo "2354"]
[PlyCount "79"]
[EventDate "2023.12.19"]
[EventType "swiss (blitz)"]
[EventRounds "11"]
[EventCountry "USA"]
[SourceTitle "CB52_2023"]
[SourceDate "2023.12.27"]
[SourceVersion "1"]
[SourceVersionDate "2023.12.27"]
[SourceQuality "1"]

1. e4 e6 2. Nf3 d5 3. Nc3 Nf6 4. e5 Nfd7 5. d4 c5 6. dxc5 Nc6 7. Bf4 Nxc5 8. Bd3 Be7 9. h4 Bd7 10. h5 h6 11. Rh3 Qb6 12. Rb1 Nb4 13. Kf1 Nbxd3 14. cxd3 Qa6 15. Nd4 0-0-0 16. Kg1 Kb8 17. Rg3 Rdg8 18. Nxd5 exd5 19. e6+ Bd6 20. Bxd6+ Qxd6 21. exd7 Qxd7 22. Qf3 Ne6 23. Qf5 Rd8 24. Nxe6 fxe6 25. Qe5+ Qd6 26. Re1 Rhe8 27. Rxg7 Qxe5 28. Rxe5 Rd6 29. f4 Rb6 30. b3 Ra6 31. f5 Rxa2 32. f6 Rf8 33. f7 Ra1+ 34. Kf2 Ra2+ 35. Kg3 Kc7 36. Rxe6 Kd7 37. Rxh6 Rd2 38. Rh8 Rxh8 39. f8Q+ Kc6 40. Qxh8 1-0

[Event "Titled Tuesday intern op 19th Dec Early"]
[Site "Chess.com INT"]
[Date "2023.12.19"]
[Round "1"]
[White "Gutierrez Olivares, Daniel"]
[Black "Skvortsov, Andrei"]
[Result "1-0"]
[WhiteElo "2354"]
[BlackElo "2309"]
[PlyCount "69"]
[EventDate "2023.12.19"]
[EventType "swiss (blitz)"]
[EventRounds "11"]
[EventCountry "USA"]
[SourceTitle "CB52_2023"]
[SourceDate "2023.12.27"]
[SourceVersion "1"]
[SourceVersionDate "2023.12.27"]
[SourceQuality "1"]

1. Nf3 g6 2. g3 Bg7 3. Bg2 e5 4. d3 d5 5. c4 Ne7 6. cxd5 Nxd5 7. Nc3 0-0 8. 0-0 Ne7 9. Nd2 Nbc6 10. b3 e4 11. Bb2 exd3 12. Nc4 Bf5 13. e4 Be6 14. Ne3 Nd4 15. Kh1 Ne2 16. Qd2 Nxc3 17. Bxc3 Nc6 18. Rad1 a5 19. Bxg7 Kxg7 20. Qc3+ Qf6 21. Rxd3 Ne5 22. Rd2 c6 23. f4 Ng4 24. e5 Qe7 25. f5 gxf5 26. Nxf5+ Bxf5 27. Rxf5 Qe6 28. Rg5+ Kh8 29. Bh3 f5 30. exf6 Qe1+ 31. Kg2 Rxf6 32. Rd8+ Rxd8 33. Qxe1 Rf2+ 34. Kg1 Rfd2 35. Bxg4 1-0

[Event "Titled Tuesday intern op 19th Dec Early"]
[Site "Chess.com INT"]
[Date "2023.12.19"]
[Round "5"]
[White "Gutierrez Olivares, Daniel"]
[Black "Weishaeutel, Moritz"]
[Result "0-1"]
[WhiteElo "2354"]
[BlackElo "2386"]
[PlyCount "94"]
[EventDate "2023.12.19"]
[EventType "swiss (blitz)"]
[EventRounds "11"]
[EventCountry "USA"]
[SourceTitle "CB52_2023"]
[SourceDate "2023.12.27"]
[SourceVersion "1"]
[SourceVersionDate "2023.12.27"]
[SourceQuality "1"]

1. Nf3 Nf6 2. g3 g6 3. Bg2 Bg7 4. c4 c6 5. 0-0 0-0 6. b3 d5 7. Bb2 Re8 8. d3 Nbd7 9. Nc3 e5 10. cxd5 cxd5 11. Rc1 Nb8 12. e4 d4 13. Nb5 Nc6 14. a4 Bh6 15. Rc2 Be6 16. Re2 Qb6 17. Nd2 Bxd2 18. Qxd2 Bxb3 19. Qg5 Qd8 20. Ba3 Nd7 21. Qh6 Qf6 22. Nc7 Bxa4 23. f4 Qg7 24. Qh3 f6 25. Bf3 Rac8 26. Nxe8 Rxe8 27. Bg4 Nf8 28. Bxf8 Rxf8 29. Bd7 Bb5 30. fxe5 Bxd3 31. Qe6+ Qf7 32. Rxf6 Qxe6 33. Bxe6+ Kg7 34. Ref2 Re8 35. Rf7+ Kh6 36. Bd7 Rxe5 37. Bxc6 bxc6 38. Rxa7 Bxe4 39. Rff7 g5 40. h4 gxh4 41. gxh4 d3 42. Rf6+ Kh5 43. Rd6 Bd5 44. Rxh7+ Kg4 45. Ra7 d2 46. Ra1 Re1+ 47. Kf2 Rxa1 0-1

[Event "Titled Tuesday intern op 19th Dec Early"]
[Site "Chess.com INT"]
[Date "2023.12.19"]
[Round "9"]
[White "Skliarov, Viktor"]
[Black "Gutierrez Olivares, Daniel"]
[Result "1-0"]
[WhiteElo "2349"]
[BlackElo "2354"]
[PlyCount "63"]
[EventDate "2023.12.19"]
[EventType "swiss (blitz)"]
[EventRounds "11"]
[EventCountry "USA"]
[SourceTitle "CB52_2023"]
[SourceDate "2023.12.27"]
[SourceVersion "1"]
[SourceVersionDate "2023.12.27"]
[SourceQuality "1"]

1. e4 e6 2. d4 d5 3. e5 c5 4. c3 Nc6 5. Nf3 Bd7 6. a3 c4 7. Nbd2 Qc7 8. g3 Na5 9. h4 Ne7 10. Bh3 Nc8 11. 0-0 Nb6 12. Qe2 0-0-0 13. h5 Kb8 14. Ng5 Ba4 15. f4 h6 16. Ngf3 Be7 17. f5 Qc6 18. fxe6 fxe6 19. Ne1 Bg5 20. Ndf3 Bxc1 21. Rxc1 Nb3 22. Rb1 Rdf8 23. Ng2 Qe8 24. Nfh4 Rxf1+ 25. Rxf1 Bd7 26. Ng6 Rg8 27. N2f4 Na8 28. Kh2 Nc7 29. Rf2 Nc1 30. Qd1 Nb3 31. Qf1 Qc8 32. Ne7 1-0

[Event "Titled Tuesday intern op 12th Dec Early"]
[Site "Chess.com INT"]
[Date "2023.12.12"]
[Round "5"]
[White "Aaditya, Dhingra"]
[Black "Gutierrez Olivares, Daniel"]
[Result "1-0"]
[WhiteElo "2495"]
[BlackElo "2354"]
[PlyCount "91"]
[EventDate "2023.12.12"]
[EventType "swiss (blitz)"]
[EventRounds "11"]
[EventCountry "USA"]
[SourceTitle "CB51_2023"]
[SourceDate "2023.12.20"]
[SourceVersion "1"]
[SourceVersionDate "2023.12.20"]
[SourceQuality "1"]

1. e4 d6 2. d4 g6 3. Nc3 Bg7 4. f4 a6 5. Nf3 b5 6. Be3 Bb7 7. Bd3 Nf6 8. e5 Ng4 9. Bg1 h5 10. Qe2 e6 11. 0-0-0 d5 12. Ng5 Nd7 13. Bxg6 fxg6 14. Nxe6 Qe7 15. Nxc7+ Kf8 16. N3xd5 Bxd5 17. Nxd5 Qe6 18. Nb4 a5 19. d5 Qf5 20. Nd3 Bh6 21. g3 Ndxe5 22. Nxe5 Nxe5 23. Bd4 Nf7 24. Bxh8 Nxh8 25. Rhe1 Nf7 26. d6 Rd8 27. Qe7+ Kg8 28. d7 Bf8 29. Qe6 Kg7 30. Qxf5 gxf5 31. Re8 a4 32. Rd5 a3 33. Rxd8 Nxd8 34. Rxb5 axb2+ 35. Kxb2 Be7 36. Rxf5 Kg6 37. Rd5 Kf6 38. a4 h4 39. c4 Ke6 40. f5+ Kf7 41. a5 Bf6+ 42. Kc2 Nc6 43. Kb3 Bd8 44. a6 h3 45. Rd6 Ne5 46. a7 1-0